000 00720nam a2200217Ii 4500
003 JO-AjNU
008 230605s9999||||xx |||||||||||||| ||und||
017 _a2021/8/4469
020 _a978-9957-971-94-6
040 _aJO-AjNU
_bara
_erda
_cJO-AjNU
041 _aara
050 1 4 _aQ335.2021
100 3 _aالليثي، احمد حسن,
_eauthor
_963446
245 0 0 _a علم النفس السيبراني= Cyberpsychology
250 _aط1
300 _a350ص
336 _atext
_btxt
_2rdacontent
337 _aunmediated
_bn
_2rdamedia
338 _avolume
_bnc
_2rdacarrier
650 4 _aتطبيقات الحاسوب-الذكاء الاصطناعي-علم النفس-علم النفس السيبراني
_963447
999 _aA28780
_c32348
_d32348